| 000 | 00494nam a22001817a 4500 | ||
|---|---|---|---|
| 003 | CEME | ||
| 005 | 20210628203624.0 | ||
| 008 | 210203b xxu||||| |||| 00| 0 eng d | ||
| 020 | _a0-8031-1299-8 | ||
| 040 | _c. | ||
| 082 | _a620.1126 FRA | ||
| 100 |
_aHackett, E.M, Gudas, J.P, Joyce, J.A _966601 |
||
| 245 | _a Fracture mechanics, twenty first symosium | ||
| 260 |
_aUSA _bASTM _c1990 |
||
| 300 | _a618P | ||
| 650 |
_aFRACTURE MECHANICS TWENTY FIRST SYMOSIUM _966602 |
||
| 942 |
_cBK _2ddc |
||
| 999 |
_c574544 _d574544 |
||